00842nam a2200205 a 450000100100000000500170001000800410002704000250006808200240009310000430011724501410016025000170030126000320031830000300035050000470038065000330042765000340046095201270049499900150062100000129520240515122608.0801208s1960 enk 000 0 eng  aDO-SdBNPbspacBNPHU a341.4bC592a, 1960.1 aClark, John Maurice,d1884-1963.9438210aAlternative to serfdom :bfive lectures delivered on the william w. cook foundation at the of michigan march 1947 /cJohn Maurice Clark. a2a ed., rev. aNew York :bVintage,c1960. axvi, 161, vi p. ;c19 cm. aCinco conferencias dictadas en marzo 1947. 4aServidumbres (derecho)94383 0aPolítica económica984931 001052708MOaGRbGRcHDd2009-09-04iLF1l0o341.4 C592a, 1960.p1295-10r2020-06-25w2020-06-25y2ZPréstamo interno c1234d1234